Statistics for Not Quite A Movie Title - James Bond

Click here to take the quiz!

General Stats

  • This quiz has been taken 15,587 times
    (15,565 since last reset)
  • The average score is 12 of 14

Answer Stats

YearImperfect TitleCorrect Title% Correct
1962Dr. YesDr. No
98%
1989Licence To ThrillLicence To Kill
95%
1967You Only Live ThriceYou Only Live Twice
95%
2021No Time To FlyNo Time To Die
94%
2012SkyriseSkyfall
90%
1997Yesterday Never DiesTomorrow Never Dies
90%
1971Diamonds Are WhereverDiamonds Are Forever
88%
1995SilverEyeGoldenEye
88%
1981For My Eyes OnlyFor Your Eyes Only
86%
1963
From Belgium
With Love
From Russia
With Love
79%
2008Spoonful of SolaceQuantum of Solace
75%
1965LightningballThunderball
72%
1979MoontakerMoonraker
70%
1999
The Girl Is Not
Enough
The World Is Not
Enough
61%

Score Distribution

Percentile by Number Answered

Percent of People with Each Score

Your Score History

You have not taken this quiz since the last reset